Finanční management

Saved in:
Bibliographic Details
Format: Serial
Language:Czech
Published: Praha Economia 2011
Subjects:
Tags: Add Tag
No Tags, Be the first to tag this record!

MARC

LEADER 00000nas2a2200000 4500
001 0212113
005 20230217123944.6
022 |a 1214-9292 
041 0 |a cze 
044 |a CZ 
245 1 0 |a Finanční management 
264 1 |a Praha  |b Economia  |c 2011 
773 0 |w eu_un_cat*0034156 
610 2 0 |a manažment finančný 
610 2 0 |a podnik